Francisco de Quevedo /
Saved in:
| Other Authors: | |
|---|---|
| Format: | Book |
| Language: | Spanish |
| Published: |
Madrid :
Taurus,
1978 printing.
|
| Series: | Serie El Escritor y la crítica
Persiles ; 108 |
| Subjects: |
| LEADER | 00988nam a2200277 i 4500 | ||
|---|---|---|---|
| 001 | c000336561 | ||
| 003 | CARM | ||
| 005 | 00000000000000.0 | ||
| 008 | 790731s1978 sp b 00000 spa | ||
| 015 | |a Sp78-Dec | ||
| 019 | 1 | |a 1549278 |5 LACONCORD2021 | |
| 020 | |a 8430621083 | ||
| 035 | |a (OCoLC)4530234 |5 LACONCORD2021 | ||
| 050 | 0 | 0 | |a PQ6424.Z5 |b F7 |
| 245 | 0 | 0 | |a Francisco de Quevedo / |c edición de Gonzalo Sobejano. |
| 260 | |a Madrid : |b Taurus, |c 1978 printing. | ||
| 300 | |a 389 p. ; |c 21 cm. | ||
| 490 | 0 | |a Serie El Escritor y la crítica | |
| 490 | 0 | |a Persiles ; 108 | |
| 504 | |a Bibliography: p. 381-389. | ||
| 600 | 1 | 0 | |a Quevedo, Francisco de, |d 1580-1645 |x Criticism and interpretation. |
| 700 | 1 | |a Sobejano, Gonzalo. | |
| 852 | 8 | |b CARM |h A1:AN37B0 |i B09129 |p 0422068 |f BK | |
| 082 | 0 | 4 | |a 868/.3/09 |
| 999 | f | f | |i 1aab9a3c-5c4d-5fa5-9108-69dde061d5a0 |s 3a51a690-1dcc-5b05-9003-764e5a04010d |
| 952 | f | f | |p Can circulate |a CAVAL |b CAVAL |c CAVAL |d CARM 1 Store |e B09129 |f A1:AN37B0 |h Other scheme |i book |m 0422068 |